| 000 | 00539nam a2200181 4500 | ||
|---|---|---|---|
| 999 |
_c189084 _d189084 |
||
| 005 | 20220613144105.0 | ||
| 010 | _aENG-133237 | ||
| 020 | _c60.00 | ||
| 035 | _aEN-116769 | ||
| 037 | _bDBAD/PUB | ||
| 082 | _a796.093 | ||
| 100 | _aReddy, Nadamala Gangadhara | ||
| 245 |
_aRead & Play:Athletics/ _cNadamala Gangadhara Reddy |
||
| 260 |
_aVijayawada _bNavaratna Book House _c2009 |
||
| 270 |
_a#28-22-20, Rahiman Street Arundelpet _bVijayawada _e520002 |
||
| 300 |
_a160p. _c21cm(pbk) |
||
| 942 |
_2ddc _cEN _h796.093 _mRED |
||